书目信息 |
| 题名: |
孙中山全集
|
|
| 作者: | ;广东省社会科学院历史研究所 编 | |
| 分册: | 第十卷 | |
| 出版信息: | 北京 中华书局 1986 |
|
| 页数: | 616页 | |
| 开本: | 20cm | |
| 丛书名: | ||
| 单 册: | ||
| 中图分类: | D693.0 | |
| 科图分类: | ||
| 主题词: | 资产阶级民主革命--革命理论--民国 | |
| 电子资源: | ||
| ISBN: | ||
| 000 | 00747nam0 2200229 45 | |
| 001 | 0186019490 | |
| 005 | 20050622113202.7 | |
| 010 | @dCNY4.40 | |
| 091 | @a11018.1369 | |
| 100 | @a19900802d1986 kemy0chiy0121 ea | |
| 101 | 0 | @achi |
| 102 | @aCN@b110000 | |
| 105 | @af z 000yy | |
| 200 | 10 | @a孙中山全集@Asun zhong shan quan ji@h第十卷@e1924.4~1924.8@f广东省社会科学院历史研究所等编@FGuang Dong Sheng She Hui Ke Xue Yuan Li Shi Yan Jiu Suo Deng Bian |
| 210 | @a北京@c中华书局@d1986 | |
| 215 | @a616页@c肖像,照片@d20cm | |
| 606 | 0 | @a资产阶级民主革命@x革命理论@x民国 |
| 690 | @aD693.0@v3 | |
| 711 | 02 | @a广东省社会科学院历史研究所@4编 |
| 801 | 0 | @aCN@b深圳图书馆@c20040424 |
| 801 | 2 | @aCN@bNLC@c20040424 |
| 905 | @dD693.0@e12:10@f1@b163333 | |
| 孙中山全集.第十卷:1924.4~1924.8/广东省社会科学院历史研究所等编.-北京:中华书局,1986 |
| 616页:肖像,照片;20cm |
| ISBN :CNY4.40 |
| ● |
| 相关链接 |
|
|
|
|
正题名:孙中山全集
索取号:D693.0/12:10
 
预约/预借
| 序号 | 登录号 | 条形码 | 馆藏地/架位号 | 状态 | 备注 |
| 1 | 0163331 | 000521322 | 密集书库/ [索取号:D693.0/12:10] | 在馆 | |
| 2 | 0163332 | 001008983 | 密集书库/ [索取号:D693.0/12:10] | 在馆 | |
| 3 | 0163333 | 000521313 | 第一样本阅览室/ [索取号:D693.0/12:10] | 在馆 |